Física

Bibliographic Details
Main Authors: Cutnell, John D, Jonson, Kenneth W
Format: Section = Libro
Language:Undetermined
Spanish
Published: México Limusa 2004
Edition:2a.ed.
Subjects:
LEADER 00586nam a2200241Ia 4500
008 240829s9999 xx 000 0 und d
020 |a 968-18-6451-4 
040 |a BIBLIOTECA-RUSB/ 530 C989 
041 |a spa 
082 |a 530 C989 
100 1 |a Cutnell, John D  
100 1 |b Jonson, Kenneth W 
245 1 0 |a Física 
250 |a 2a.ed. 
260 |a México  |b Limusa  |c 2004 
300 |a 993 p. :il. 
650 7 |a FISICA 
650 7 |b  CINEMATICA ROTACIONAL 
650 7 |c  ELASTICIDAD Y MOVIMIENTO 
650 7 |d  DINAMICA DE FLUIDOS 
942 |c BK  |2 ddc 
991 |a TEXTO 
999 |c 1974